[Event "GER-ch U18 sf Berlin Online"]
[Site "Playchess.com INT"]
[Date "2020.05.01"]
[Round "6"]
[White "Schaefer, Benjamin"]
[Black "Roos Nazario, Valentin1"]
[Result "0-1"]
[WhiteElo "1620"]
[BlackElo "1478"]
[PlyCount "78"]
[EventDate "2020.05.01"]
[EventType "swiss (blitz)"]
[EventRounds "13"]
[EventCountry "GER"]
[SourceTitle "CBM 195 Extra"]
[Source "ChessBase"]
[SourceDate "2020.05.31"]
[SourceVersion "1"]
[SourceVersionDate "2020.05.31"]
[SourceQuality "1"]

1. d4 d5 2. c4 e6 3. e3 Nf6 4. cxd5 exd5 5. Nf3 Bf5 6. Bd2 Nc6 7. Nc3 Nb4 8. Qa4+ Nc6 9. Bb5 Bd7 10. 0-0 Bd6 11. Rac1 a6 12. Bxc6 Bxc6 13. Qc2 0-0 14. Ne2 Ne4 15. Ng3 Re8 16. Nxe4 Rxe4 17. Ng5 Qxg5 18. f3 Rh4 19. f4 Qg6 20. g3 Qxc2 21. Rxc2 Rh6 22. f5 Rf6 23. g4 g6 24. fxg6 Rxf1+ 25. Kxf1 fxg6 26. Kg2 Rf8 27. Be1 h5 28. gxh5 gxh5 29. Bg3 Rf6 30. Bh4 Rg6+ 31. Kf3 Kh7 32. Rc1 Rg7 33. h3 Rf7+ 34. Ke2 Rg7 35. Bf6 Rg2+ 36. Kd3 Rxb2 37. Rg1 Bb4 38. Rg7+ Kh6 39. h4 Bb5# 0-1